ARRUPE JESUIT UNIVERSITY

CORONAVIRUS -STOP THE SPREAD - CLEAN,DISINFECT,COVER

African sexualities : (Record no. 129280)

MARC details
000 -LEADER
fixed length control field 01740cam a2200361 a 4500
001 - CONTROL NUMBER
control field 16970193
003 - CONTROL NUMBER IDENTIFIER
control field ARRUPE
005 - DATE AND TIME OF LATEST TRANSACTION
control field 20190328105818.0
008 - FIXED-LENGTH DATA ELEMENTS--GENERAL INFORMATION
fixed length control field 110921s2011 enka b 001 0 eng
010 ## - LIBRARY OF CONGRESS CONTROL NUMBER
LC control number 2011348611
016 7# - NATIONAL BIBLIOGRAPHIC AGENCY CONTROL NUMBER
Record control number 015847375
Source Uk
020 ## - INTERNATIONAL STANDARD BOOK NUMBER
International Standard Book Number 9780857490162 (pbk.)
020 ## - INTERNATIONAL STANDARD BOOK NUMBER
International Standard Book Number 0857490168 (pbk.)
035 ## - SYSTEM CONTROL NUMBER
System control number (OCoLC)ocn727796987
040 ## - CATALOGING SOURCE
Original cataloging agency WAU
Transcribing agency WAU
Modifying agency YDXCP
-- CDX
-- BTCTA
-- UKMGB
-- DLC
042 ## - AUTHENTICATION CODE
Authentication code lccopycat
-- lcode
043 ## - GEOGRAPHIC AREA CODE
Geographic area code f------
050 00 - LIBRARY OF CONGRESS CALL NUMBER
Classification number HQ18.A35
Item number A38 2011
300 ## - PHYSICAL DESCRIPTION
Other physical details ill. ;
Dimensions 24 cm.
245 00 - TITLE STATEMENT
Title African sexualities :
Remainder of title a reader /
Statement of responsibility, etc edited by Sylvia Tamale.
260 ## - PUBLICATION, DISTRIBUTION, ETC. (IMPRINT)
Place of publication, distribution, etc Oxford, UK :
Name of publisher, distributor, etc Pambazuka Press,
Date of publication, distribution, etc c2011.
300 ## - PHYSICAL DESCRIPTION
Extent ix, 656 p. :
504 ## - BIBLIOGRAPHY, ETC. NOTE
Bibliography, etc Includes bibliographical references and index.
505 0# - FORMATTED CONTENTS NOTE
Formatted contents note Pt. 1. Research, theory and methods -- pt. 2. Sexuality, power and politics -- pt. 3. Mapping sexual representations and practices of identity -- pt. 4. Integrated and positive sexuality -- pt. 5. Reproduction and rights -- pt. 6. Sex and masculinities -- pt. 7. Who's having sex and who's not? -- pt. 8. Sexuality, spiritiuality and the supernatural -- pt. 9. Pedagogical approaches.
650 #0 - SUBJECT ADDED ENTRY--TOPICAL TERM
Topical term or geographic name as entry element Sex
Geographic subdivision Africa.
9 (RLIN) 45466
650 #0 - SUBJECT ADDED ENTRY--TOPICAL TERM
Topical term or geographic name as entry element Sex role
Geographic subdivision Africa.
9 (RLIN) 3657
650 #0 - SUBJECT ADDED ENTRY--TOPICAL TERM
Topical term or geographic name as entry element Women
General subdivision Sexual behavior
Geographic subdivision Africa.
9 (RLIN) 45467
651 #0 - SUBJECT ADDED ENTRY--GEOGRAPHIC NAME
Geographic name Africa
General subdivision Social conditions
Chronological subdivision 20th century.
9 (RLIN) 45468
651 #0 - SUBJECT ADDED ENTRY--GEOGRAPHIC NAME
Geographic name Africa
General subdivision Social conditions
Chronological subdivision 21st century.
9 (RLIN) 45469
700 1# - ADDED ENTRY--PERSONAL NAME
Personal name Tamale, Sylvia.
9 (RLIN) 45470
856 41 - ELECTRONIC LOCATION AND ACCESS
Materials specified Table of contents only
Uniform Resource Identifier <a href="http://www.loc.gov/catdir/toc/fy13pdf02/2011348611.html">http://www.loc.gov/catdir/toc/fy13pdf02/2011348611.html</a>
906 ## - LOCAL DATA ELEMENT F, LDF (RLIN)
a 7
b cbc
c copycat
d 3
e ncip
f 20
g y-gencatlg
942 ## - ADDED ENTRY ELEMENTS (KOHA)
Source of classification or shelving scheme Library of Congress Classification
Koha item type Monograph ( Printed materials)
Holdings
Withdrawn status Lost status Source of classification or shelving scheme Damaged status Not for loan Collection code Home library Current library Shelving location Date acquired Total Checkouts Full call number Barcode Date last seen Price effective from Koha item type
    Library of Congress Classification     Main Collection ARRUPE LIBRARY ARRUPE LIBRARY Main Collection 28/03/2019   HQ18.A35 A38 2011 46600004354 28/03/2019 28/03/2019 Monograph ( Printed materials)

 

Arrupe Library. PO Box MP320 Mt Pleasant, Harare, Zimbabwe
263 242 745411|librarian@aju.ac.zw